00737nam a2200241 a 4500001001300000003000900013005001700022008004100039020002300080082001800103100002100121245006900142260005200211300000900263500003500272505001300307650002300320700002100343902000800364942000700372952009900379999001700478nice12345678IN_TiNIC20260116013608.0070703s1970 bera grp 000 0 eng  a0520029712 c42000a297.1977bLAR aLaroui, Abdallah aCrisis of the Arab Intellectualb Traditionalism or Historicism? aBerkeleybUniversity of California Press c1970 a180p aincludes index and biblioraphy2 aglossary aIslam and Politics1 aLaroui, Abdallah bSRS cBK 00104070aHMIbHMId2007-07-03g420.00l0o297.1977 LARp015263r2007-07-03w2026-01-16yEB c11597d11597